书目信息 |
| 题名: |
教师的心理教育
|
|
| 作者: | 张世平 主编 | |
| 分册: | ||
| 出版信息: | 重庆 重庆大学出版社 1999.10 |
|
| 页数: | 199页 | |
| 开本: | 32开 | |
| 丛书名: | ||
| 单 册: | ||
| 中图分类: | G443 | |
| 科图分类: | ||
| 主题词: | 教育心理学 | |
| 电子资源: | ||
| ISBN: | 7-5624-1958-2 | |
| 000 | 00550nam0 2200193 45 | |
| 001 | 0008211688 | |
| 005 | 20000903151522.3 | |
| 010 | @a7-5624-1958-2@d10.00元 | |
| 100 | @a20000821d1999 km y0chiy0120 ea | |
| 101 | 0 | @achi |
| 105 | @a z 000yy | |
| 200 | 1 | @a教师的心理教育@AJiao Shi De Xin Li Jiao Yu@f张世平主编@FZhang Shi PingZhu Bian |
| 210 | @a重庆@c重庆大学出版社@d1999.10 | |
| 215 | @a199页@d32开 | |
| 606 | 0 | @a教育心理学 |
| 690 | @aG443@v3 | |
| 701 | 0 | @a张世平@4主编 |
| 801 | @aCN@bPftUser@c20000821 | |
| 905 | @dG443@eZH691@b117768-770@f3 | |
| 教师的心理教育/张世平主编.-重庆:重庆大学出版社,1999.10 |
| 199页;32开 |
| ISBN 7-5624-1958-2:10.00元 |
| ● |
| 相关链接 |
|
|
|
正题名:教师的心理教育
索取号:G443/ZH691
 
预约/预借
| 序号 | 登录号 | 条形码 | 馆藏地/架位号 | 状态 | 备注 |
| 1 | 117768 | 201177680 | 社科库409/409社科库 3排3列5层/ [索取号:G443/ZH691] | 在馆 | |
| 2 | 117769 | 201177699 | 社科库409/400B社科库 2排4列3层/ [索取号:G443/ZH691] | 在馆 | |
| 3 | 117770 | 201177706 | 社科库409/409社科库 3排3列5层/ [索取号:G443/ZH691] | 在馆 |